Visualizzazione normale
Vista MARC
- Di Capua Edoardo
di Personal Name
Records bibliografici associati: 1
001 - CONTROL NUMBER
- control field: 13286
003 - CONTROL NUMBER IDENTIFIER
- control field: IT-RoPau
005 - DATE AND TIME OF LATEST TRANSACTION
- control field: 20140213091620.0
008 - FIXED-LENGTH DATA ELEMENTS
- fixed length control field: 140213|| aca||aabn | a|a d
040 ## - CATALOGING SOURCE
- Original cataloging agency: IT-RoPau
- Transcribing agency: IT-RoPau
100 ## - HEADING--PERSONAL NAME
- Personal name: Di Capua Edoardo
- Miscellaneous information: Codice autore testo/musica SPICS: 13138
- Relator term: Autore testo/musica
- Name of part/section of a work: 'I te vurria vasà
670 ## - SOURCE DATA FOUND
- Source citation: Work cat.: (IT-RoPau)99984: AA.VV. 794, Grandi successi di Giacomo Rondinella (I)